| 000 | 00630nam a2200229Ia 4500 | ||
|---|---|---|---|
| 008 | 180523s9999 xx 000 0 und d | ||
| 020 | _a978-0-340-98682-0 | ||
| 050 | _aMAIN TX 911 | ||
| 050 | _b.G37 2009 | ||
| 100 | _aGardiner, Judy. | ||
| 245 | 0 | _aHospitality & catering for GCSE / | |
| 245 | 0 | _cJudy Gardiner, Jacqui Housley. | |
| 260 | _aUSA : | ||
| 260 | _bHodder Edu., | ||
| 260 | _c2009 | ||
| 300 | _a216 pages : | ||
| 300 | _bcolored illustrations ; | ||
| 300 | _c28 cm. | ||
| 500 | _aIncludes index. | ||
| 650 | _aHospitality industry. | ||
| 650 | _xHospitality industry -- Examinations -- Study guides. | ||
| 999 |
_c357739 _d357739 |
||